Statistiques concernant Trouve le code-mission du train de banlieue (Transilien)

Cliquez ici pour prendre le quiz!

Statistiques générales

  • Ce quiz a été pris 59 fois
  • Le résultat moyen est 8 sur 27

Statistiques - réponses

IndiceDestinationRéponse% Correct
Je te mets au challengeLa DéfenseDEFI
58%
Très anglaisLa VerrièreVERI
53%
Lolita la GrandeLes MureauxLOLA
51%
Hors de question!Nanterre-UniversitéNOPE
51%
Il a bien mangéRambouilletREPU
51%
En Afrique du Sud, pendant la sécheresse, ils n'ont...Paris Saint-Lazare depuis DreuxPADO
42%
Un patriarche très catholiqueParis Saint-Lazare depuis Ermont-EaubonnePAPE
40%
Mono- ou PolyfemmeMontargisGAME
36%
David le DJ observaGisorsGETA
36%
On a retiré son L final à ce serfVersailles-Rive-DroiteVASA
33%
Si j'inversais ses consonnes, je deviendrais riche!MontargisGAMO
31%
Ce même bovidé change légèrement de consonne à ses débutsSaint-Nom-la-BretècheSEBU
31%
Fleuri sur le..., il mourut à FontainebleauChartresCAPO
29%
Il se commande au StarbucksMantes-la-JolieMOCA
29%
Premier ministre impopulaireVersailles-Rive DroiteVALS
29%
Au-dessus des yeuxSaint-Nom-La-BretècheSILS
27%
Hybride entre un instrument de musique de la fin de l'alphabet et un bovidé qui n'a plus soifProvinsXIBU
27%
Synonyme d' "il se trouve"CoulommiersCITU
24%
Singe anglophoneErmont-EaubonneEAPE
24%
Une souris pour enfantsMeauxMICI
24%
Hier, il ... sans s'arrêterParis Saint-Lazare depuis Saint-Nom la BretèchePASA
24%
Moïse en arabeMontsoult-MaffliersMOSA
22%
Change une lettre à ce dernier pour en faire un prénomTrappesTERI
18%
En lui rajoutant le mot maya pour jour, on obtient le nom du calendrier maya en leur langueCreil via ValmondoisTSOL
18%
Son contraire, approbation d'outre-mancheBoissy L'AillerieYECE
16%
Pouce!, diront les enfantsParis Saint-Lazare depuis Versailles-Rive-Droite (rare)PAUS
13%
Deux lettres de plus, et Poutine l'aurait insultéPersan-BeaumontPEDA
11%

Distribution des résultats

Percentile par nombre de réponses

% des personnes avec chaque résultat

Votre développement - résultats

Vous n’avez pas pris ce quiz